Funkcia jednej a viac premenných v ekonomickej praxi s použitím programu Microsoft Mathematics bakalárska práca

Gespeichert in:
Bibliographische Detailangaben
1. Verfasser: Lauf, Martin
Körperschaft: Fakulta hospodárskej informatiky EU. Katedra matematiky a aktuárstva
Weitere Verfasser: Pinda, Martin
Format: Buch
Sprache:Slowakisch
Veröffentlicht: Bratislava 2015
Tags: Tag hinzufügen
Keine Tags, Fügen Sie das erste Tag hinzu!

MARC

LEADER 00000nbm a2200000 4500
001 0204187
005 20161212115111.0
041 0 |a slo 
044 |a SK 
245 1 0 |a Funkcia jednej a viac premenných v ekonomickej praxi s použitím programu Microsoft Mathematics  |b bakalárska práca  |c Martin Lauf ; školiteľ: Martin Pinda 
264 1 |a Bratislava  |c 2015 
300 |a 49 s. 
100 1 |a Lauf, Martin 
700 1 |a Pinda, Martin 
710 2 |a Fakulta hospodárskej informatiky EU. Katedra matematiky a aktuárstva